Liên kết hóa học và việc nghiên cứu vấn đề này ở trường phổ thông; T2
Uloženo v:
| Hlavní autor: | |
|---|---|
| Médium: | Kniha |
| Jazyk: | Undetermined |
| Vydáno: |
Hà Nội
Giáo Dục
1972
|
| Témata: | |
| Tagy: |
Přidat tag
Žádné tagy, Buďte první, kdo otaguje tento záznam!
|
| Thư viện lưu trữ: | Trung tâm Học liệu Trường Đại học Cần Thơ |
|---|
| LEADER | 00581nam a2200169Ia 4500 | ||
|---|---|---|---|
| 001 | CTU_45592 | ||
| 008 | 210402s9999 xx 000 0 und d | ||
| 082 | |a 541.224 | ||
| 082 | |b S466 | ||
| 100 | |a G. I. Selinski | ||
| 245 | 0 | |a Liên kết hóa học và việc nghiên cứu vấn đề này ở trường phổ thông; T2 | |
| 245 | 0 | |c G. I. Selinski, Phạm Ngọc Trấn | |
| 260 | |a Hà Nội | ||
| 260 | |b Giáo Dục | ||
| 260 | |c 1972 | ||
| 650 | |a chemistry, physical and theoretical | ||
| 980 | |a Trung tâm Học liệu Trường Đại học Cần Thơ | ||